00651nam a2200193 i 450000100060000000300090000600500170001500700030003200800410003510000270007624500550010326000560015830000220021449000230023683000280025985200320028799900170031995201210033655726ES-MaACL20250710062721.0t|030925s1958 fr ||||1| fre d1 aDevaux, Pierre.94399410aHistoire de l'electricité / cpar Pierre Devaux. aParis : bPresses Universitaires de France, c1958. a126 p. ; c18 cm.1 aQue sais-je? ; v700aQue sais-je?v79180931 aES-MaACLjC-15267 bR.43277 c55726d55726 00104070aATENEOMbATENEOMcFICHd2008-01-17eSCl0oC-15267p1058539r2023-02-23 00:00:00w2023-02-23yMONOGRAFIA